Anthony Blunt (Record no. 77469)

MARC details
000 -LEADER
campo de control de longitud fija 00895nam a2200289 i 4500
001 - NÚMERO DE CONTROL
campo de control 77469
003 - IDENTIFICADOR DE NÚMERO DE CONTROL
campo de control ES-MaACL
005 - FECHA Y HORA DE LA ÚLTIMA TRANSACCIÓN
campo de control 20230906173227.0
007 - CAMPO FIJO DE DESCRIPCIÓN FÍSICA--INFORMACIÓN GENERAL
campo de control de longitud fija t|
008 - DATOS DE LONGITUD FIJA--INFORMACIÓN GENERAL
campo de control de longitud fija 041018s2004 sp ||||1| spa d
020 ## - NÚMERO INTERNACIONAL ESTÁNDAR DEL LIBRO
Número Internacional Estándar del Libro 84-8310-949-2
080 ## - NÚMERO DE LA CLASIFICACIÓN DECIMAL UNIVERSAL
Número de la Clasificación Decimal Universal 327.84(470:410)
080 ## - NÚMERO DE LA CLASIFICACIÓN DECIMAL UNIVERSAL
Número de la Clasificación Decimal Universal 929 Blunt, Anthony
100 1# - ENTRADA PRINCIPAL--NOMBRE DE PERSONA
Nombre de persona Carter, Miranda.
9 (RLIN) 35890
245 10 - MENCIÓN DEL TÍTULO
Título Anthony Blunt
Resto del título : el espía de Cambridge /
Mención de responsabilidad, etc. Miranda Carter ; traducción de Antonio-Prometeo Moya.
250 ## - MENCION DE EDICION
Mención de edición 1ª ed.
260 ## - PUBLICACIÓN, DISTRIBUCIÓN, ETC.
Lugar de publicación, distribución, etc. Barcelona :
Nombre del editor, distribuidor, etc. Tusquets,
Fecha de publicación, distribución, etc. 2004.
300 ## - DESCRIPCIÓN FÍSICA
Extensión 567 p. ;
Dimensiones 23 cm.
490 1# - MENCIÓN DE SERIE
Mención de serie Tiempo de memoria ;
Designación de volumen o secuencia 35
504 ## - NOTA DE BIBLIOGRAFÍA, ETC.
Nota de bibliografía, etc. Bibliografía: p. 539-545.
600 14 - PUNTO DE ACCESO ADICIONAL DE MATERIA--NOMBRE DE PERSONA
Nombre de persona Blunt, Anthony.
9 (RLIN) 29603
650 14 - PUNTO DE ACCESO ADICIONAL DE MATERIA--TÉRMINO DE MATERIA
Término de materia o nombre geográfico como elemento de entrada Espionaje ruso-
Subdivisión geográfica Gran Bretaña.
9 (RLIN) 12501
700 1# - ENTRADA AGREGADA--NOMBRE PERSONAL
Nombre de persona Moya, Antonio-Prometeo.
9 (RLIN) 83949
830 0# - PUNTO DE ACCESO ADICIONAL DE SERIE-TÍTULO UNIFORME
Título uniforme Tiempo de memoria ;
Designación de volumen o secuencia 35
9 (RLIN) 180241
852 ## - LOCALIZACIÓN
Ubicación ES-MaACL
Número de control de estantería L-28262
Sublocalización o colección R.134198
Holdings
Estatus retirado Estado de pérdida Estado de daño No para préstamo Biblioteca de origen Biblioteca actual Ubicación en estantería Fecha de adquisición Fuente de adquisición Total de préstamos Signatura topográfica completa Código de barras Visto por última vez Precio de reemplazo Tipo de ítem Koha
        Biblioteca del Ateneo de Madrid Biblioteca del Ateneo de Madrid Depósito 2 17/01/2008     L-28262 1081051 23/02/2023 23/02/2023 Libro impreso